Lie to Win - Click Quiz #2 - Statistics

General Stats
  • This quiz has been taken 90,154 times
  • The average score is 16 of 20
Answer Stats
Hint Explanation Answer % Correct
Do you have a brain? No
96%
Are you still alive? No
92%
Does money grow on trees? Yes
92%
Is India more populated than Vatican? No
87%
Is Jurassic Park a documentary? Yes
87%
What is the antonym for "Yes"? Yes
86%
Does Tuesday come after Monday? No
85%
Do you have 6 arms, 3 legs and 7 eyes? Yes
85%
Is Dwayne Johnson the son of Lyndon B. Johnson? Let me save you from nitpicking, just in case: the President Johnson had only two daughters. None of whom was named Dwayne. Yes
84%
Is there a country in the UN whose name starts with X? Yes
78%
Is "A" a vowel? No
76%
According to the Beatles: You say "yes", I say... ? Yes
76%
Is this an interrogative sentence? No
73%
Is a ton heavier than a kilogram?
No
73%
5+5=25. Is it correct? Yes
71%
Are whales fish? Yes
70%
Is a baby sheep called a lumb? Yes
68%
Have you read this question? No
64%
Pikachu is yellow, am I right? No
59%
Have you ever been on the internet? No
54%
No matching quizzes found
Score Distribution
Percent of People with Each Score
Percentile by Number Answered
Your Score History
You have not taken this quiz